000 01231cab a2200241 4500
001 L136687
008 070215n2007 000 0 eng u
035 _a(Sirsi) u136687
041 0 _aeng
100 1 _aEmery, Steve
245 0 0 _aFocus
_bcultural survival
260 _c2007
490 0 0 _aFire Prevention and Fire Engineers Journal
_v66(277) February 2007, 18-34(16)
520 _aStresses the need for counter disaster planning to ensure heritage sites can deal with fire and flood risks and carry out effective salvage operations. Discusses the need for fire engineers to develop effective strategies for historic buildings. Reports on the engineering solution at Taymouth Castle which ensures a high level of fire safety without compromising the building's historic importance. Describes the fire protection of University College, Durham. Describes how aspirating smoke detection can overcome many of the problems faced by conventional systems when used in heritage buildings.
590 _aKA
651 4 _aEngland and Wales
_y1543-
690 _aMANAGEMENT-HEALTH AND SAFETY-FIRE SAFETY
700 1 _aBryant, Paul
700 1 _aBennett, Colin
700 1 _aMorgan, Nikki
700 1 _aPool, Adam
942 _n0
999 _c78402
_d78402